000
00233nam a2200097Ia 4500
008
160319s9999 xx 000 0 und d
245
_a
Geography of Earth /
260
_b
Pierian Spring Software.
260
_c
NA
300
_c
4 3/4 in.
999
_c
292636
_d
292636